| 000 | 01398cam a2200265 i 4500 | ||
|---|---|---|---|
| 001 | 1497 | ||
| 005 | 20230918123553.0 | ||
| 020 | _a9788182524361 | ||
| 040 |
_aDLC _beng _cDLC _erda _dDLC _dFISKH |
||
| 050 | 0 | 0 |
_aPR4762 _b.P7 2013 |
| 082 | 0 | 0 |
_a823/.8 _223 |
| 100 | 1 |
_aHope, Anthony, _d1863-1933. |
|
| 245 | 1 | 4 |
_aThe Prisoner of Zenda / _cAnthony Hope. |
| 260 |
_aMumbai : _bWilco, _c2011 |
||
| 300 |
_a181 pages : _c19 cm |
||
| 490 | 0 | _aClassic Library | |
| 520 | _aFive times made into film versions since its original publication in 1894, The Prisoner of Zenda is a perennially popular adventure and romance story. Hope's swashbuckling romance transports his English gentleman hero, Rudolf Rassendyll, from a comfortable life in London to fast-pacedadventures in Ruritania, a mythical land steeped in political intrigue. Rassendyll must impersonate the rightful king in order to rescue him from the castle Zenda, all the while facing tests of honor with the beautiful Princess Flavia, and enduring tests of strength in his encounters with thevillainous Black Michael and his handsome, debonair bodyguard, Rupert of Hentzau. | ||
| 521 |
_a730
_bLexile |
||
| 650 | 0 |
_aKings and rulers _vFiction. |
|
| 650 | 0 |
_aPolitical kidnapping _vFiction. |
|
| 655 | 7 |
_aLove stories. _2gsafd |
|
| 655 | 7 |
_aFantasy fiction. _2gsafd |
|
| 906 |
_a7 _bcbc _corignew _d1 _eecip _f20 _gy-gencatlg |
||
| 942 |
_2ddc _cBK _n0 |
||
| 999 |
_c1497 _d1497 |
||